FC Barcelone - Effectif 2024/2025 - Statistiques

Statistiques générales
  • Ce quiz a été pris 353 fois
    263 depuis la dernière actualisation
  • Le résultat moyen est 21 sur 25
Statistiques - réponses
Poste Nationalité Numéro Joueur % Correct
Gardiens Allemand 1 Marc-André ter Stegen
96%
Milieux de terrain Espagnol 6 Gavi
95%
Défenseurs Français 23 Jules Koundé
95%
Milieux de terrain Espagnol 8 Pedri
95%
Attaquants Polonais 9 Robert Lewandowski
95%
Milieux de terrain Néerlandais 21 Frankie de Jong
94%
Attaquants Espagnol 19 Lamine Yamal
94%
Entraîneur Allemand - Hans-Dieter Flick
91%
Défenseurs Uruguayen 4 Ronald Araujo
91%
Attaquants Brésilien 11 Raphinha
90%
Défenseurs Danemark 15 Andreas Christensen
88%
Défenseurs Espagnol 2 Pau Cubarsi
88%
Défenseurs Espagnol 3 Alejandro Balde
86%
Attaquants Espagnol 7 Ferran Torres
84%
Défenseurs Espagnol 5 Inigo Martinez
84%
Milieux de terrain Espagnol 14 Pablo Torre
82%
Milieux de terrain Espagnol 20 Dani Olmo
81%
Attaquants Espagnol 10 Ansu Fati
80%
Gardiens Espagnol 13 Iñaki Peña
80%
Milieux de terrain Espagnol 16 Fermin Lopez
72%
Milieux de terrain Espagnol 17 Marc Casadó
67%
Défenseurs Espagnol 32 Héctor Fort
64%
Attaquants Espagnol 18 Pau Victor
57%
Défenseurs Espagnol 24 Eric Garcia
55%
Milieux de terrain Espagnol 28 Marc Bernal
53%
Aucun quiz correspondant
Distribution des résultats
% des personnes avec chaque résultat
Percentile par nombre de réponses
Votre historique - résultats
Vous n’avez pas pris ce quiz depuis la dernière actualisation